000 00324nam a22001457a 4500
008 240126b ||||| |||| 00| 0 eng d
020 _a9780465048922
041 _aeng
080 _21994
_a521
082 _a521DAV
100 _a19
101 _aASTRO
245 _aTHE LAST THREE MINUTES
_cPAUL DAVIES
942 _2udc
_cBK
999 _c60553
_d60553